| 000 | 00831nmc a2200277 a 4500 | ||
|---|---|---|---|
| 003 | AR-BaBNM | ||
| 005 | 20251128204710.0 | ||
| 008 | 011101s1988 ||||||||||||||000 | spa|| | ||
| 020 | _a950-13-6742-8 | ||
| 040 | _cAR-BaBNM | ||
| 100 | 1 | _aMárquez, Cristina del Carmen | |
| 245 | 1 | 0 |
_aEnseñar a pensar _bestructuración de los esquemas de pensamiento en la enseñanza de la matemática en la escuela elemental |
| 250 | _a1ª ed. | ||
| 260 |
_aBuenos Aires _bKapelusz _c1988 |
||
| 300 |
_a87 p. _bil. |
||
| 490 | 0 |
_aCuaderno pedagógico _vv. 57 |
|
| 650 | 4 | _aESCUELAS PRIMARIAS | |
| 650 | 4 | _aLOGICA | |
| 650 | 4 | _aJUEGOS EDUCATIVOS | |
| 650 | 4 | _aCONCEPTOS MATEMATICOS | |
| 650 | 4 | _aCONCEPTOS NUMERICOS | |
| 653 | _aORIENTACION EDUCATIVA | ||
| 700 | 1 |
_aVicente, Lidia V. _eprologuista |
|
| 942 | _cBK | ||
| 998 | _cCarmen | ||
| 999 |
_c8472 _d8472 |
||